[Event "Wloclawek CC Classic 03rd"]
[Site "Wloclawek"]
[Date "2012.??.??"]
[Round "3"]
[White "Nowak, Augustyn"]
[Black "Lebiedzinski, Maciej"]
[Result "0-1"]
[WhiteElo "1800"]
[BlackElo "1800"]
[PlyCount "96"]
[EventDate "2012.02.??"]
[EventType "swiss"]
[EventRounds "7"]
[EventCountry "POL"]
[SourceTitle "EXT 2021"]
[Source "ChessBase"]
[SourceDate "2020.10.23"]
[SourceVersion "1"]
[SourceVersionDate "2020.10.23"]
[SourceQuality "1"]

1. d4 d5 2. c4 e6 3. Nc3 c6 4. Nf3 Be7 5. Bf4 Nf6 6. e3 0-0 7. Qc2 Nbd7 8. Rc1 Re8 9. Bd3 Nf8 10. 0-0 Ng6 11. Bg3 Bd6 12. Be5 Ng4 13. Bxd6 Qxd6 14. g3 e5 15. dxe5 N4xe5 16. Nxe5 Rxe5 17. cxd5 cxd5 18. Nb5 Qf6 19. Bxg6 hxg6 20. Qc3 Bh3 21. f4 Re4 22. Rf2 Rc8 23. Qd2 Rxc1+ 24. Qxc1 Rc4 25. Rc2 Qc6 26. Rxc4 dxc4 27. Qd2 Qxb5 28. Qd8+ Kh7 29. Qh4+ Qh5 30. Qxh5+ gxh5 31. Kf2 Bf5 32. Kf3 Bb1 33. a3 Kg8 34. Ke2 Kf8 35. Kd2 Ke7 36. Kc3 Ba2 37. Kd4 f6 38. h4 Kd6 39. e4 b6 40. e5+ fxe5+ 41. fxe5+ Ke6 42. Ke4 a5 43. Kf4 Bb1 44. Kg5 Kxe5 45. Kxh5 b5 46. g4 b4 47. axb4 axb4 48. g5 c3 0-1

[Event "Wloclawek CC Classic 03rd"]
[Site "Wloclawek"]
[Date "2012.??.??"]
[Round "5"]
[White "Nowak, Augustyn"]
[Black "Szarfemberg, Pawel"]
[Result "0-1"]
[WhiteElo "1800"]
[BlackElo "1600"]
[PlyCount "141"]
[EventDate "2012.02.??"]
[EventType "swiss"]
[EventRounds "7"]
[EventCountry "POL"]
[SourceTitle "EXT 2021"]
[Source "ChessBase"]
[SourceDate "2020.10.23"]
[SourceVersion "1"]
[SourceVersionDate "2020.10.23"]
[SourceQuality "1"]

1. d4 Nf6 2. Nf3 d5 3. c4 e6 4. Nc3 Nc6 5. Bg5 Be7 6. e3 h6 7. Bh4 0-0 8. cxd5 exd5 9. Bd3 b6 10. 0-0 Bb7 11. a3 a5 12. Rc1 Re8 13. Bb5 Rf8 14. Qc2 Na7 15. Ba4 Rc8 16. Nb5 Nxb5 17. Bxb5 c6 18. Ba4 b5 19. Bb3 a4 20. Ba2 Ba6 21. Rfe1 Ne4 22. Bxe7 Qxe7 23. Ne5 Bb7 24. Nd3 f5 25. Nc5 Nxc5 26. Qxc5 Qxc5 27. Rxc5 Rf6 28. h3 Rcf8 29. Rc2 Kh7 30. Bb1 g5 31. Rce2 Ba6 32. Bd3 Bb7 33. g3 Kg7 34. Kg2 Rc8 35. Rc1 Rf7 36. f3 Kf6 37. e4 Re7 38. e5+ Ke6 39. f4 gxf4 40. gxf4 Rec7 41. Rec2 Rg7+ 42. Kf3 Rcg8 43. Rh2 Rg3+ 44. Ke2 Rg2+ 45. Rxg2 Rxg2+ 46. Ke3 Rxb2 47. Ra1 Rb3 48. Ke2 Rb2+ 49. Kf3 Rb3 50. Ke3 Bc8 51. Kd2 Rb2+ 52. Bc2 b4 53. axb4 Rxb4 54. Rxa4 Rb7 55. Ke3 Rg7 56. Kf3 Bd7 57. Ra7 h5 58. Ba4 h4 59. Rc7 Rg3+ 60. Kf2 Rxh3 61. Bxc6 Bxc6 62. Rxc6+ Ke7 63. Rd6 Rh2+ 64. Kf3 Rd2 65. Ke3 Rd1 66. Rxd5 h3 67. Ke2 Rc1 68. Kd2 h2 69. Ra5 h1Q 70. Kd3 Rd1+ 71. Kc4 0-1

[Event "Wloclawek CC Classic-B 02nd"]
[Site "Wloclawek"]
[Date "2011.??.??"]
[Round "7"]
[White "Bedzinski, Marian"]
[Black "Nowak, Augustyn"]
[Result "0-1"]
[WhiteElo "1600"]
[BlackElo "1800"]
[PlyCount "62"]
[EventDate "2011.09.??"]
[EventType "tourn"]
[EventRounds "13"]
[EventCountry "POL"]
[SourceTitle "EXT 2021"]
[Source "ChessBase"]
[SourceDate "2020.10.23"]
[SourceVersion "1"]
[SourceVersionDate "2020.10.23"]
[SourceQuality "1"]

1. d4 d5 2. e3 Nf6 3. a3 Bf5 4. b4 e6 5. Bb2 Be7 6. c4 0-0 7. c5 c6 8. Nf3 Nbd7 9. Bd3 Be4 10. 0-0 Qc7 11. Ne5 Nxe5 12. dxe5 Bxd3 13. Qxd3 Nd7 14. f4 a5 15. Nd2 Ra7 16. Bd4 Rfa8 17. b5 Bxc5 18. Nf3 Bxd4 19. exd4 c5 20. a4 c4 21. Qc2 b6 22. f5 Rf8 23. fxe6 fxe6 24. Ng5 Rxf1+ 25. Rxf1 g6 26. Nxh7 Kxh7 27. Rf7+ Kh6 28. Qf2 Qd8 29. Qf3 Qh4 30. g3 Qxd4+ 31. Kg2 Nxe5 0-1

[Event "Wloclawek-ch"]
[Site "Wloclawek"]
[Date "2011.??.??"]
[Round "1"]
[White "Jeziorny, Janusz"]
[Black "Nowak, Augustyn"]
[Result "1/2-1/2"]
[WhiteElo "2000"]
[BlackElo "1600"]
[PlyCount "97"]
[EventDate "2011.05.??"]
[EventType "swiss"]
[EventRounds "9"]
[EventCountry "POL"]
[SourceTitle "EXT 2021"]
[Source "ChessBase"]
[SourceDate "2020.10.23"]
[SourceVersion "1"]
[SourceVersionDate "2020.10.23"]
[SourceQuality "1"]

1. e4 c5 2. g3 Nc6 3. Bg2 e6 4. c3 Nf6 5. Ne2 d5 6. exd5 Nxd5 7. d4 cxd4 8. Nxd4 Bd7 9. 0-0 Nxd4 10. Qxd4 Bc6 11. Re1 Ne7 12. Qxd8+ Rxd8 13. Bg5 Bxg2 14. Kxg2 f6 15. Be3 e5 16. Nd2 b6 17. Nc4 Nd5 18. a4 Nxe3+ 19. Rxe3 Bc5 20. Re2 Kf7 21. Nd2 Rd3 22. Nb3 Rhd8 23. Rae1 g5 24. Re4 h5 25. h3 Kg6 26. R1e2 Bd6 27. Rd2 Rxd2 28. Nxd2 f5 29. Rc4 f4 30. Ne4 Kf5 31. f3 g4 32. hxg4+ hxg4 33. fxg4+ Kxg4 34. Nf2+ Kg5 35. Rc6 Bc5 36. Ne4+ Kg4 37. gxf4 Kxf4 38. Nxc5 bxc5 39. Rxc5 Rd2+ 40. Kf1 Rxb2 41. Rc7 e4 42. Rxa7 e3 43. Rf7+ Ke4 44. a5 e2+ 45. Ke1 Ra2 46. Re7+ Kd3 47. Rd7+ Kxc3 48. a6 Rxa6 49. Kxe2 1/2-1/2

[Event "Wloclawek-ch"]
[Site "Wloclawek"]
[Date "2011.??.??"]
[Round "4"]
[White "Kaczynski, Maciej"]
[Black "Nowak, Augustyn"]
[Result "1-0"]
[WhiteElo "1800"]
[BlackElo "1600"]
[PlyCount "59"]
[EventDate "2011.05.??"]
[EventType "swiss"]
[EventRounds "9"]
[EventCountry "POL"]
[SourceTitle "EXT 2021"]
[Source "ChessBase"]
[SourceDate "2020.10.23"]
[SourceVersion "1"]
[SourceVersionDate "2020.10.23"]
[SourceQuality "1"]

1. d4 Nf6 2. Nc3 d5 3. Bg5 e6 4. e4 dxe4 5. Nxe4 Be7 6. Bxf6 Bxf6 7. Nf3 0-0 8. c3 Nc6 9. Bd3 e5 10. Nxf6+ Qxf6 11. d5 Ne7 12. 0-0 Nxd5 13. Bxh7+ Kxh7 14. Qxd5 Re8 15. Rfe1 c6 16. Qd2 Qf5 17. Re3 f6 18. Rae1 Qd7 19. Qc2+ Qf5 20. Re4 Kg8 21. Nd4 Qg6 22. Qb3+ Qf7 23. f4 Qxb3 24. axb3 c5 25. Nb5 Bf5 26. R4e3 Re7 27. fxe5 a6 28. Nd6 Bc8 29. exf6 Rxe3 30. Rxe3 1-0

[Event "Wloclawek CC Classic 01st"]
[Site "Wloclawek"]
[Date "2011.??.??"]
[Round "11"]
[White "Nowak, Augustyn"]
[Black "Felski, Krzysztof"]
[Result "0-1"]
[WhiteElo "1600"]
[BlackElo "1600"]
[PlyCount "94"]
[EventDate "2011.01.??"]
[EventType "tourn"]
[EventRounds "11"]
[EventCountry "POL"]
[SourceTitle "EXT 2021"]
[Source "ChessBase"]
[SourceDate "2020.10.23"]
[SourceVersion "1"]
[SourceVersionDate "2020.10.23"]
[SourceQuality "1"]

1. d4 d5 2. c4 c6 3. Nf3 Nf6 4. Nc3 e6 5. Bg5 Be7 6. e3 Nbd7 7. cxd5 exd5 8. Bd3 h6 9. Bh4 a6 10. a4 c5 11. dxc5 Nxc5 12. Bc2 Bg4 13. 0-0 0-0 14. h3 Bxf3 15. Qxf3 Nfe4 16. Bxe7 Qxe7 17. Nxd5 Qe5 18. Bxe4 Nxe4 19. Rfd1 Rad8 20. Nf4 Rfe8 21. Rxd8 Rxd8 22. Rd1 Rxd1+ 23. Qxd1 Qxb2 24. Qd8+ Kh7 25. Qd3 Qxf2+ 26. Kh2 f5 27. Ne6 Qg3+ 28. Kg1 Qe1+ 29. Kh2 Qh1+ 30. Kxh1 Nf2+ 31. Kh2 Nxd3 32. Kg3 Kg6 33. Nf4+ Nxf4 34. exf4 b5 35. axb5 axb5 36. Kf3 Kf6 37. Ke3 Ke6 38. Kd4 Kd6 39. g4 fxg4 40. hxg4 b4 41. Kc4 b3 42. Kxb3 Kd5 43. Kc3 Ke4 44. f5 Kf4 45. Kd4 Kxg4 46. Ke4 Kg5 47. Ke5 h5 0-1

[Event "Wloclawek-ch"]
[Site "Wloclawek"]
[Date "2011.??.??"]
[Round "8"]
[White "Nowak, Augustyn"]
[Black "Felski, Krzysztof"]
[Result "1-0"]
[WhiteElo "1600"]
[BlackElo "1600"]
[PlyCount "99"]
[EventDate "2011.05.??"]
[EventType "swiss"]
[EventRounds "9"]
[EventCountry "POL"]
[SourceTitle "EXT 2021"]
[Source "ChessBase"]
[SourceDate "2020.10.23"]
[SourceVersion "1"]
[SourceVersionDate "2020.10.23"]
[SourceQuality "1"]

1. d4 d5 2. c4 c6 3. Nf3 Nf6 4. Nc3 e6 5. Bg5 Be7 6. e3 0-0 7. Qc2 h6 8. Bh4 Nbd7 9. Bd3 dxc4 10. Bxc4 b5 11. Bd3 Bb7 12. 0-0 c5 13. Bxb5 Bxf3 14. gxf3 a6 15. Bc6 Rc8 16. Bb7 Rc7 17. Bxa6 cxd4 18. exd4 Nd5 19. Bg3 e5 20. dxe5 Nb4 21. Qe2 Nxa6 22. Qxa6 Nc5 23. Qb6 Ne6 24. Nb5 Bc5 25. Qa5 Qd5 26. Rad1 Bd4 27. b4 Ra8 28. Nxc7 Rxa5 29. Nxd5 Rxd5 30. a4 Rd8 31. Rd2 Ra8 32. Ra2 Bc3 33. b5 Ba5 34. Rc1 Nd4 35. Kg2 Kf8 36. f4 Bb6 37. f3 g6 38. Bf2 Nb3 39. Rb1 Bxf2 40. Kxf2 Nc5 41. a5 Ke7 42. Rd2 Rxa5 43. b6 Nb7 44. Rc2 Kd8 45. Rc7 Nc5 46. Rxc5 Rxc5 47. b7 Rc8 48. bxc8Q+ Kxc8 49. Rd1 h5 50. Kg3 1-0

[Event "Wloclawek CC Classic-B 02nd"]
[Site "Wloclawek"]
[Date "2011.??.??"]
[Round "4"]
[White "Nowak, Augustyn"]
[Black "Kaczynski, Maciej"]
[Result "0-1"]
[WhiteElo "1800"]
[BlackElo "1800"]
[PlyCount "116"]
[EventDate "2011.09.??"]
[EventType "tourn"]
[EventRounds "13"]
[EventCountry "POL"]
[SourceTitle "EXT 2021"]
[Source "ChessBase"]
[SourceDate "2020.10.23"]
[SourceVersion "1"]
[SourceVersionDate "2020.10.23"]
[SourceQuality "1"]

1. d4 g6 2. c4 Bg7 3. Nc3 c5 4. Nf3 Nc6 5. e3 cxd4 6. exd4 Nh6 7. d5 Nb4 8. a3 Na6 9. Bd2 0-0 10. Bd3 d6 11. 0-0 Nc5 12. Bc2 a5 13. b4 axb4 14. axb4 Rxa1 15. Qxa1 Na6 16. Rb1 Bg4 17. Bd1 Bf5 18. Rb3 Qc7 19. Be2 Ng4 20. Qa5 Qb8 21. Na4 Bc2 22. Ra3 Bxa4 23. Rxa4 Nf6 24. Bc3 Ne4 25. Bxg7 Kxg7 26. Ra3 Rc8 27. Bd3 Nf6 28. Nd2 Ng4 29. Be2 Ne5 30. b5 Nc5 31. Qa7 Qc7 32. b6 Qd8 33. Nb3 Ned7 34. Nd4 Nxb6 35. Qa5 Ncd7 36. Bg4 Rc5 37. Qc3 Kg8 38. h3 Rxc4 39. Qd2 Ne5 40. Ne6 Qc8 41. Qh6 fxe6 42. Bxe6+ Nf7 43. Rf3 Qxe6 44. dxe6 Nxh6 45. Rb3 Rc6 46. g4 g5 47. Kg2 d5 48. Kg3 Rxe6 49. f4 gxf4+ 50. Kxf4 Kf7 51. g5 Ng8 52. h4 h6 53. Kf5 Rd6 54. Rg3 Nc4 55. g6+ Kg7 56. h5 Rf6+ 57. Kg4 Ne5+ 58. Kh4 Rf4+ 0-1

[Event "Wloclawek CC Classic-B 02nd"]
[Site "Wloclawek"]
[Date "2011.??.??"]
[Round "8"]
[White "Nowak, Augustyn"]
[Black "Kujawski, Szymon"]
[Result "1-0"]
[WhiteElo "1800"]
[BlackElo "1400"]
[PlyCount "63"]
[EventDate "2011.09.??"]
[EventType "tourn"]
[EventRounds "13"]
[EventCountry "POL"]
[SourceTitle "EXT 2021"]
[Source "ChessBase"]
[SourceDate "2020.10.23"]
[SourceVersion "1"]
[SourceVersionDate "2020.10.23"]
[SourceQuality "1"]

1. d4 d5 2. c4 e6 3. Nc3 Nf6 4. Bg5 Be7 5. e3 0-0 6. Nf3 Bd7 7. cxd5 exd5 8. Bxf6 Bxf6 9. Nxd5 Bg4 10. Nxf6+ Qxf6 11. Be2 Nd7 12. 0-0 Qg6 13. Nh4 Bxe2 14. Nxg6 Bxd1 15. Nxf8 Kxf8 16. Rfxd1 Nf6 17. Rac1 c6 18. f3 Rd8 19. Kf2 Rd5 20. Rc5 Rd6 21. e4 Nd7 22. Rc2 c5 23. d5 Rf6 24. b4 cxb4 25. Rc7 Ke7 26. Rxb7 Rb6 27. Rxb6 Nxb6 28. d6+ Kd7 29. e5 Nc4 30. f4 a5 31. Rc1 Nb6 32. Rc5 1-0

[Event "Wloclawek CC Classic-B 02nd"]
[Site "Wloclawek"]
[Date "2011.??.??"]
[Round "10"]
[White "Nowak, Augustyn"]
[Black "Maslankowski, Maciej"]
[Result "1/2-1/2"]
[WhiteElo "1800"]
[BlackElo "1400"]
[PlyCount "88"]
[EventDate "2011.09.??"]
[EventType "tourn"]
[EventRounds "13"]
[EventCountry "POL"]
[SourceTitle "EXT 2021"]
[Source "ChessBase"]
[SourceDate "2020.10.23"]
[SourceVersion "1"]
[SourceVersionDate "2020.10.23"]
[SourceQuality "1"]

1. d4 d5 2. c4 Nf6 3. cxd5 Nxd5 4. e4 Nb6 5. Nf3 Bg4 6. h3 Bh5 7. Be2 e6 8. 0-0 Be7 9. Be3 0-0 10. Qc2 Bg6 11. Ne5 N8d7 12. Nxg6 fxg6 13. Nd2 Nf6 14. Rac1 c6 15. Nc4 Nbd7 16. Bf4 b5 17. Ne5 Nxe5 18. Bxe5 Rc8 19. f3 Nh5 20. Rfd1 Bd6 21. Bxd6 Qxd6 22. e5 Qe7 23. a4 a6 24. axb5 axb5 25. Bxb5 Nf4 26. Bf1 Qg5 27. g4 Nxh3+ 28. Bxh3 Rxf3 29. Qg2 Qe3+ 30. Kh2 Rf2 31. Rf1 Rxg2+ 32. Kxg2 Qe4+ 33. Kg3 Rf8 34. Rxf8+ Kxf8 35. Rf1+ Ke7 36. Bg2 Qxd4 37. Bxc6 Qxe5+ 38. Kg2 Qxb2+ 39. Rf2 Qd4 40. Bf3 g5 41. Re2 g6 42. Re4 Qd2+ 43. Re2 Qc3 44. Kf2 Qd4+ 1/2-1/2

[Event "Wloclawek-ch"]
[Site "Wloclawek"]
[Date "2011.??.??"]
[Round "7"]
[White "Stepniak, Stanislaw"]
[Black "Nowak, Augustyn"]
[Result "1-0"]
[WhiteElo "2000"]
[BlackElo "1600"]
[PlyCount "59"]
[EventDate "2011.05.??"]
[EventType "swiss"]
[EventRounds "9"]
[EventCountry "POL"]
[SourceTitle "EXT 2021"]
[Source "ChessBase"]
[SourceDate "2020.10.23"]
[SourceVersion "1"]
[SourceVersionDate "2020.10.23"]
[SourceQuality "1"]

1. e4 c5 2. Nf3 d6 3. d4 cxd4 4. Nxd4 Nf6 5. Nc3 a6 6. Be2 e6 7. 0-0 Be7 8. Bg5 0-0 9. Qd2 Qc7 10. a4 Bd7 11. a5 Nc6 12. Nb3 Rfc8 13. f3 Ne5 14. Rfd1 Nc4 15. Bxc4 Qxc4 16. e5 dxe5 17. Bxf6 Bc5+ 18. Kh1 gxf6 19. Qxd7 Rab8 20. Qd3 Bf2 21. Qxc4 Rxc4 22. Ne4 Be3 23. Re1 Bg5 24. c3 b6 25. Red1 Bh6 26. Nxf6+ Kg7 27. Nd7 Rb7 28. axb6 e4 29. Na5 exf3 30. Nxc4 1-0